'F' Entertainment Images Quiz Stats

Quiz Updated Jun 17, 2015

Challenge
Share
Tweet
Score 0/25 Timer 04:00
1 Play Today
% Correct
Family Guy
91.9%
Frozen
90.2%
Friends
90.1%
Forrest Gump
89.3%
Fred Jones
85.7%
Family Feud
83.2%
Fergie
82.5%
The Flash
77.4%
Flubber
77.3%
Full House
73.8%
Fargo
70.4%
Ferris Bueller's Day Off
70.3%
Foo Fighters
66.7%
% Correct
Flounder
66.5%
Fantastic Four
55.4%
Flower
53.2%
Faith Hill
52%
Family Circus
44.6%
Frozone
44.3%
Frank Zappa
43.9%
The Far Side
42.6%
Fawlty Towers
42.2%
Flynn Ryder
36.7%
FoxTrot
25.1%
Fatboy Slim
10.7%

You're not logged in!

Compare scores with friends on all Sporcle quizzes.
Sign Up with Email
OR
Log In

You Might Also Like...

Show Comments

Extras

Top Quizzes Today


Score Distribution

Your Account Isn't Verified!

In order to create a playlist on Sporcle, you need to verify the email address you used during registration. Go to your Sporcle Settings to finish the process.